000 00646cam a22002413a 4500
001 19029
003 PGUSA
005 20140828083414.0
008 060811s2006||||xxu|||||s|||||000 1 eng d
040 _aPGUSA
_beng
042 _adc
050 4 _aPS
100 1 _aNorton, Andre,
_d1912-2005
245 1 4 _aThe Gifts of Asti
_h[electronic resource] /
_cAndre Norton
260 _bProject Gutenberg,
_c2006
506 _aPublic domain in the USA.
516 _aElectronic text
653 _aScience fiction
653 _aShort stories
830 0 _aProject Gutenberg
_v19029
856 4 0 _uhttp://www.gutenberg.org/ebooks/19029
942 _cEB
999 _c248284
_d248284